Die Torgefährlichsten Ausländer der Bundesliga Geschichte - Statistiken

Allgemein
  • Dieses Quiz wurde 463 mal gespielt
  • Das Durchschnittsergebnis liegt bei 14 aus 25
Antwortstatistiken
# Vereine Nationalität Spiele Tore Antwort % Korrekt
1 FC Bayern MünchenBorussia Dortmund Polen 384 312 Robert Lewandowski
100%
2 FC Bayern MünchenWerder Bremen 1.FC Köln Peru/Italien 490 197 Claudio Pizarro
93%
7 FC Bayern München Niederlande 201 99 Arjen Robben
84%
15 FC Bayern München Frankreich 273 86 Franck Ribéry
83%
8 Borussia Dortmund Gabun 144 98 Pierre-Emerick Aubameyang
82%
3 VfB StuttgartFC Bayern München Borussia Mönchengladbach Brasilien 260 133 Giovanne Elber
74%
5 MSV DuisburgWerder Bremen FC Schalke 04 Hamburger SV Brasilien 219 106 Aílton
72%
14 TSG 1899 Hoffenheim Kroatien 196 89 Andrej Kramaric
70%
4 VfB StuttgartHertha BSC TSG 1899Hoffenheim FC Schalke 04 Alemannia Aachen Bosnien-Herzegowina/Vereinigte Staaten 344 127 Vedad Ibisevic
67%
17 FC Schalke 04 Niederlande 184 84 Klaas-Jan Huntelaar
64%
19 FC Bayern München Niederlande 129 78 Roy Makaay
59%
16 1.FC KölnBorussia Dortmund TSG 1899 Hoffenheim Frankreich/Martinique 193 84 Anthony Modeste
58%
23 VfL WolfsburgHamburger SV FC Bayern München Hertha BSC Kroatien 292 72 Ivica Olic
57%
9 SV Darmstadt 98Eintracht Frankfurt Bayer 04 Leverkusen Südkorea 308 98 Bum-kun Cha
55%
25 Bayer 04 Leverkusen Bulgarien 154 69 Dimitar Berbatov
55%
18 Hertha BSCFC Schalke 04 Borussia Mönchengladbach Brasilien/Deutschland 290 82 Raffael
50%
22 FC Schalke 04 Dänemark 214 73 Ebbe Sand
48%
13 Borussia Mönchengladbach1.FC Köln Österreich 181 90 Toni Polster
43%
6 Bayer 05 UerdingenBorussia Dortmund Schweiz 228 106 Stéphane Chapuisat
41%
10 Hamburger SVEintracht Frankfurt Ghana 223 96 Anthony Yeboah
40%
20 VfL WolfsburgHertha BSC Brasilien 205 77 Marcelinho Paraíba
40%
11 Hansa RostockHamburger SV Bayer 04 Leverkusen Borussia Dortmund Bosnien-Herzegowina/ Deutschland 330 96 Sergej Barbarez
40%
24 Borussia DortmundVfL Wolfsburg VfL Bochum Argentinien/Spanien 213 70 Diego Klimowicz
26%
12 Rot-Weiss EssenBorussia Dortmund Niederlande/Deutschland 242 92 Willi Lippens
19%
21 Borussia Mönchengladbach Dänemark 178 76 Allan Simonsen
18%
Keine übereinstimmenden Quizze gefunden
Verteilung der Resultate
Anzahl Personen mit jedem Resultat
Perzentil nach korrekt beantworteten Fragen
Ihre Resultats-Entwicklung
Sie haben dieses Quiz noch nicht gespielt